Entry Nombre personal
001 - NÚMERO DE CONTROL
- campo de control: 71671
003 - IDENTIFICADOR DE NÚMERO DE CONTROL
- campo de control: OSt
005 - FECHA Y HORA DE LA ÚLTIMA TRANSACCIÓN
- campo de control: 20230722111449.0
008 - ELEMENTOS DE DATO DE LONGITUD-FIJA
- campo de control de longitud fija: 920124 n acnnnaaan n ann d
040 ## - FUENTE DE CATALOGACIÓN
- Centro catalogador/agencia de origen: OSt
- Centro/agencia transcriptor: OSt
100 1# - ENCABEZAMIENTO-NOMBRE DE PERSONA
- Nombre de persona: Leonardo da Vinci,
- Fechas asociadas al nombre: 1452-1519
400 1# - TRAZADO DE VÉASE--NOMBRE DE PERSONA
- Nombre de persona: Da Vinci, Leonardo (
- Fechas asociadas al nombre: 1452-1519)
400 1# - TRAZADO DE VÉASE--NOMBRE DE PERSONA
- Nombre de persona: De Vinci, Leonardo (
- Fechas asociadas al nombre: 1452-1519)
400 1# - TRAZADO DE VÉASE--NOMBRE DE PERSONA
- Nombre de persona: Vinci, Leonardo de (
- Fechas asociadas al nombre: 1452-1519)
